Ramírez Villamizar (Registro nro. 319687)

Detalles MARC
000 -ENCABEZADO
Número de control [NR] 00868nam a22002177a 4500
005 - FECHA Y HORA DE LA ÚLTIMA TRANSACCIÓN
control field 20210921080527.0
008 - DE LONGITUD FIJA DE DATOS DE ELEMENTOS - INFORMACIÓN GENERAL
Elementos de longitud fija [NR] 210910s1984 ck a|||gr|||| 00| 0 spa d
020 ## - NUMERO INTERNACIONAL NORMALIZADO PARA LIBROS [R]
Número Internacional Normalizado del libro [NR] 958908401X
040 ## - FUENTE DE CATALOGACION [NR]
Agencia de catalogación original [NR] CO-BoUCM
Idioma de catalogación [NR] spa
Quien Cataloga Deissy Garcia
Quien Clasifica Deissy Garcia
041 0# - CODIGO DE IDIOMA [R]
Código de idioma para texto/pista de sonido o título separado [R] Español
100 1# - ASIENTO PRINCIPAL--NOMBRE PERSONAL [NR]
Nombre personal [NR] Ramírez Villamizar, Eduardo
ID Autoridad 105835
245 ## - MENCION DE TITULO [NR]
Título [NR] Ramírez Villamizar
Mención de responsabilidad, etc. [NR] Eduardo Ramírez Villamizar, Frederico Morais, Museo de Arte Moderno
260 ## - PUBLICACION, DISTRIBUCION, ETC. (PIE DE IMPRENTA) [R]
Lugar de publicación, distribución, etc. [R] Bogotá
Nombre del editor, distribuidor, etc. [R] Museo de Arte Moderno de Bogotá
Fecha de publicación, distribución, etc. [R] 1984
300 ## - DESCRIPCION FISICA [R]
Extensión [R] 216 páginas
Otros detalles físicos [NR] ilustraciones
600 10 - ASIENTO SECUNDARIO DE MATERIA - NOMBRE PERSONAL [R]
Nombre personal [NR] Ramírez Villamizar, Eduardo
Fechas asociadas con el nombre [NR] 1923-
Subdivisión general [R] Catálogos
9 (RLIN) 106327
650 #7 - ASIENTO SECUNDARIO DE MATERIA - TERMINO TEMATICO [R]
Término temático o nombre geográfico como elemento de entrada [NR] Constructivismo (arte)
Subdivisión general [R] Catálogos
Subdivisión geográfica [R] Colombia
9 (RLIN) 106328
700 ## - ASIENTO SECUNDARIO - NOMBRE PERSONAL [R]
Nombre personal [NR] Morais, Frederico
9 (RLIN) 106329
710 2# - ASIENTO SECUNDARIO - NOMBRE CORPORATIVO [R]
Nombre corporativo o de jurisdicción como elemento de entrada [NR] Museo de Arte Moderno (Bogotá, Colombia)
9 (RLIN) 106330
942 ## - ELEMENTOS DE ENTRADA AGREGADOS (KOHA)
Sistema de clasificación DEWEY
Tema principal Arte
Tipo de ítem principal el descrito en 300a Libro
Edición 1
Clasificación 730.924
Parte restante de la signatura top. R177
Título oculto en OPAC No
Existencias
Signatura topográfica Código de barras Última vez visto Ejemplar Costo de reposición Price effective from Tipo de ítem Perdido Sistema de clasificación Dañado No prestable Tipo de ítem específico Suprimido Ubicación habitual Ubicación actual Localización Fecha de creación Forma de adquisición Costo
730.924 R177 100168060 06/12/2025 Ej.1 26000.00 10/09/2021 Libro   DEWEY     Libro   Claustro Claustro 2do piso 10/09/2021 Donación 0.00